| 000 | 00559nam a2200181 a 4500 | ||
|---|---|---|---|
| 001 | 000030247 | ||
| 005 | 20200930060151.0 | ||
| 008 | 110505s1999 dr a 000 0 spa d | ||
| 040 |
_aDO-SdBNP _bspa _cBNPHU |
||
| 082 |
_axxx _bC968l |
||
| 245 | 0 | 0 | _aCultivo de lechuga y apio. |
| 260 |
_aSanto Domingo : _bCentro de para el Desarrollo Agropecuario y Forestal ; _bFundación de Desarrollo Agropecuario, _c1999. |
||
| 300 |
_a34 p. : _bil. ; _c29 cm. |
||
| 490 | 1 | _aCultivos | |
| 504 | _aBibliografía : p. 33-34 | ||
| 830 | 0 |
_aCultivos _928768 |
|
| 049 | _aBNPD | ||
| 999 |
_c29739 _d29739 |
||